Normal view
MARC view
- Paredes Benitez,Cristina
Entry Personal Name
001 - CONTROL NUMBER
- control field: 121149
003 - CONTROL NUMBER IDENTIFIER
- control field: NUST
005 - DATE AND TIME OF LATEST TRANSACTION
- control field: 20240222162257.0
008 - FIXED-LENGTH DATA ELEMENTS
- fixed length control field: 240222|| aca||aabn | a|a d
040 ## - CATALOGING SOURCE
- Original cataloging agency: NUST
- Transcribing agency: NUST
100 ## - HEADING--PERSONAL NAME
- Personal name: Paredes Benitez,Cristina
670 ## - SOURCE DATA FOUND
- Source citation: Work cat.: (NUST): Architecture and materials, 2014.
